Ποικίλα

Αποθηκεύτηκε σε:
Λεπτομέρειες βιβλιογραφικής εγγραφής
Συγγραφή απο Οργανισμό/Αρχή: Εθνικό Ίδρυμα Ερευνών. Κέντρον Ελληνικής και Ρωμαϊκής Αρχαιότητος
Μορφή: Βιβλίο
Γλώσσα:Greek
Δημοσίευση: Athens : Κέντρον Ελληνικής και Ρωμαϊκής Αρχαιότητος του Εθνικού Ιδρύματος Ερευνών, 1990
Σειρά:Μελετήματα ; ; 10
Θέματα:
Ετικέτες: Προσθήκη ετικέτας
Δεν υπάρχουν, Καταχωρήστε ετικέτα πρώτοι!

MARC

LEADER 00000cam a2200000 i 4500
001 1/26190
008 060314s1990 gre d
020 |a 960-7094-75-1 
035 |l 10083099 
040 |a GR-MY-UA  |b gre  |e aacr 
041 0 |a gre 
082 0 |a 938  |2 (22) 
110 2 |a Εθνικό Ίδρυμα Ερευνών.   |b Κέντρον Ελληνικής και Ρωμαϊκής Αρχαιότητος. 
245 1 0 |a Ποικίλα /  |c Κέντρον Ελληνικής και Ρωμαϊκής Αρχαιότητος Εθνικό Ίδρυμα Ερευνών 
260 |a Athens :   |b Κέντρον Ελληνικής και Ρωμαϊκής Αρχαιότητος του Εθνικού Ιδρύματος Ερευνών,   |c 1990 
300 |a 533 σ.;  |b εικ.;  |c 26 εκ. 
490 1 |a Μελετήματα  |v ; 10 
500 |a Περιέχει ελληνικά, αγγλικά, γαλλικά και γερμανικά κείμενα 
504 |a Περιέχει βιβλιογραφία 
651 0 |a Greece  |x History. 
651 0 |a Rome  |x History. 
830 0 |a Μελετήματα ;  |v ; 10 
852 |a INST  |b LESVOS  |e 20060314  |h 938 ΚΕΝ  |p 005100034739  |q 005100034739  |t BK  |y 0 
901 |a BIBL1-2006-1 
909 |a Λ  |b 126093 
970 |a ΚΑΡΑ  |b ΓΙΑΣΕΜΗ  |z 2006/03/14